000 00267nam a22001217a 4500
008 181107b xxu||||| |||| 00| 0 eng d
041 _aeng
080 _a941
100 _a16
101 _aHIS
245 _aThe Wind That Sweps Mexico
_cAnita,B
942 _2udc
_cBK
999 _c52102
_d52102